Logo BPK

Biblioteka

Politechniki Koszalińskiej

Komentarz do kodeksu cywilnego. (Rekord nr 37639)

Szczegóły MARC
000 -ETYKIETA REKORDU
podpole kontrolne o stałej długości 01112nam a2200313 i 4500
001 - NUMER KONTROLNY REKORDU
pole kontrolne bg
003 - IDENTYFIKATOR NUMERU KONTROLNEGO REKORDU
podpole kontrolne BPK
005 - DATA OSTATNIEJ MODYFIKACJI REKORDU
podpole kontrolne 20200124075302.0
008 - POLE O STAŁEJ DŁUGOŚCI - DANE KONTROLNE
podpole kontrolne o stałej długości 010127s1999 pl f |001 0 pol
015 ## - NUMER BIBLIOGRAFII NARODOWEJ
Numer bibliografii narodowej PB 2001/2619
020 ## - MIĘDZYNARODOWY ZNORMALIZOWANY NUMER KSIĄŻKI - ISBN
ISBN 8321910149
040 ## - ŹRÓDŁO KATALOGOWANIA
Instytucja, która sporządziła opis WA N
Instytucja, która utworzyła rekord BPK
041 0# - KOD JĘZYKA
Kod języka tekstu pol
080 ## - UNIWERSALNA KLASYFIKACJA DZIESIĘTNA - UKD
UKD 347.65/.68(438)
080 ## - UNIWERSALNA KLASYFIKACJA DZIESIĘTNA - UKD
UKD (075.8)
100 1# - NAZWA OSOBOWA
Nazwa osobowa Skowrońska-Bocian, Elżbieta
Daty związane z nazwą (1948- ).
245 10 - TYTUŁ/ODPOWIEDZIALNOŚĆ
Tytuł Komentarz do kodeksu cywilnego.
Oznaczenie części/sekcji dzieła Ks. 4,
Tytuł części/sekcji dzieła Spadki /
Pozostałe elementy strefy tytułu i oznaczenia odpowiedzialności Elżbieta Skowrońska-Bocian.
246 30 - WARIANT TYTUŁU
Tytuł Spadki
250 ## - STREFA WYDANIA
Oznaczenie wydania Wyd. 2 rozsz. i uaktual., wg stanu prawnego na dzień 1 września 1999 r.
260 ## - STREFA ADRESU WYDAWNICZEGO
Miejsce wydania Warszawa :
Nazwa wydawcy/dystrybutora Wydaw. Prawnicze,
Data publikacji, dystrybucji/powstania dokumentu 1999.
300 ## - STREFA OPISU FIZYCZNEGO
Objętość 302, [2] s. ;
Rozmiary 25 cm.
500 ## - UWAGI OGÓLNE
Tekst uwagi Wyd. 1 pod hasłem: Skowrońska Elżbieta. - Aut. ks. 1: Stanisław Dmowski, Stanisław Rudnicki.
504 ## - UWAGA DOTYCZĄCA BIBLIOGRAFII
Informacje o bibliografii Indeks.
650 #4 - HASŁO PRZEDMIOTOWE W FORMIE NAZWY OGÓLNEJ LUB JEDNOSTKOWEJ
Nazwa ogólna lub geograficzna Spadek
Określnik ogólny prawo
Określnik geograficzny Polska.
655 #4 - TERMIN INDEKSOWY - OKREŚLENIE RODZAJU/FORMY DOKUMENTU
Określenie rodzaju/formy dokumentu Podręczniki akademickie
710 2# - HASŁO DODATKOWE - NAZWA CIAŁA ZBIOROWEGO
Nazwa ciała zbiorowego lub jednostki geograficznej Wydawnictwo Prawnicze
Kod określenia powiązania pbl.
856 ## - LOKALIZACJA I DOSTĘP DO ELEKTRONICZNYCH DOKUMENTÓW ZDALNYCH
Link (URL) http://koha.tu.koszalin.pl/cgi-bin/koha/opac-detail.pl?biblionumber=37639
Tekst linku Katalog online BPK
942 ## - DODATKOWE ELEMENTY (KOHA)
Schemat klasyfikacji Uniwersalna Klasyfikacja Dziesiętna
Typ dokumentu Książka
Egzemplarze
Wycofany Status egzemplarza Uszkodzony Dostępność Lokalizacja stała Lokalizacja bieżąca Miejsce przechowywania Sygnatura Kod kreskowy Typ dokumentu
      Dostępny Biblioteka Politechniki Koszalińskiej Biblioteka Politechniki Koszalińskiej Wypożyczalnia BG 54032 01491180 Książka
© 2023 Biblioteka Politechniki Koszalińskiej :: KOHA